000 00559nam a22002177a 4500
003 OSt
005 20140310183042.0
008 130222t xxu||||| |||| 00| 0 eng d
020 _a9789712352546
050 _aJA 66
_b.L431 2009
082 _aFIL 320
_bL341 2009
245 _aIntroduction to Political Science
_cLazo, Ricardo S.
260 _aManila
_bRex Book Store
_cc2009
300 _a434p.
_c21 cm
521 _acollege students
526 _c1210L-1700L
541 _j1
541 _j2
562 _e2
942 _2lcc
_cBK
_kFIL
999 _c18546
_d18546